ARRUPE JESUIT UNIVERSITY

CORONAVIRUS -STOP THE SPREAD - CLEAN,DISINFECT,COVER

Seeds of Conflict (Record no. 125271)

MARC details
000 -LEADER
fixed length control field 00428nam a22001217a 4500
008 - FIXED-LENGTH DATA ELEMENTS--GENERAL INFORMATION
fixed length control field 160919b xxu||||| |||| 00| 0 eng d
050 ## - LIBRARY OF CONGRESS CALL NUMBER
Classification number BP64.T84W55 2004
100 ## - MAIN ENTRY--PERSONAL NAME
Personal name Wijsen, Frans and Mfumbusa Bernardin
9 (RLIN) 25908
245 ## - TITLE STATEMENT
Title Seeds of Conflict
Remainder of title :religious tensions in Tanzania
Statement of responsibility, etc / Frans Wijsen and Bernardin Mfumbusa
260 ## - PUBLICATION, DISTRIBUTION, ETC. (IMPRINT)
Place of publication, distribution, etc Nairobi
Name of publisher, distributor, etc Paulines Publications Africa
Date of publication, distribution, etc 2004
300 ## - PHYSICAL DESCRIPTION
Extent 88p.;
Dimensions 16cm
942 ## - ADDED ENTRY ELEMENTS (KOHA)
Source of classification or shelving scheme Library of Congress Classification
Item type Monograph ( Printed materials)
Holdings
Withdrawn status Lost status Source of classification or shelving scheme Damaged status Not for loan Collection code Home library Current library Shelving location Date acquired Total Checkouts Full call number Barcode Date last seen Price effective from Koha item type
    Library of Congress Classification     Main Collection ARRUPE LIBRARY ARRUPE LIBRARY Main Collection 19/09/2016   BP64.T84W55 2004 46004004806 19/09/2016 19/09/2016 Monograph ( Printed materials)

 

Arrupe Library. PO Box MP320 Mt Pleasant, Harare, Zimbabwe
263 242 745411|librarian@aju.ac.zw